|
|
|
|
| LEADER |
00713nas a2200181 i 4500 |
| 001 |
acta42071 |
| 005 |
20260224081030.0 |
| 008 |
170505s2006 hu o 000 eng d |
| 022 |
|
|
|a 1417-3875
|
| 040 |
|
|
|a SZTE Egyetemi Kiadványok Repozitórium
|b hun
|
| 041 |
|
|
|a eng
|
| 100 |
1 |
|
|a Belaidi Benharrat
|
| 245 |
1 |
3 |
|a On the iterated order and the fixed points of entire solutions of some complex linear differential equations
|h [elektronikus dokumentum] /
|c Belaidi Benharrat
|
| 260 |
|
|
|c 2006
|
| 300 |
|
|
|a 1-11
|
| 490 |
0 |
|
|a Electronic journal of qualitative theory of differential equations
|
| 695 |
|
|
|a Differenciálegyenletek
|
| 856 |
4 |
0 |
|u http://acta.bibl.u-szeged.hu/42071/1/ejqtde_2006_009_001-011.pdf
|z Dokumentum-elérés
|